• 首页
  • 本馆介绍
  • 公告通知
  • 最新文献
  • 馆藏检索
  • 电子资源
  • 读者导购
  • 参考咨询
  • 我的图书馆
  • 登录
  • 详细信息显示
  • 放入我的书架
  • 预约/预借图书
  • 作者相关作品
  • 分类相关作品
  • 丛书相关作品
  • 出版社相关作品

书目信息

  • 表格格式
  • 工作单格式
  • 卡片格式
题名:
贝雷:油脂化学与工艺学
    
 
作者: 惠 主编 ;徐生庚 , 裘爱泳 译
分册: 第三卷  
出版信息: 北京   中国轻工业出版社  2001.6
页数: 606页
开本: 20cm
丛书名:
单 册:
中图分类: TQ64
科图分类:
主题词: 油脂制备--化学加工 , 油脂化学 , 油脂制备--生产工艺
电子资源:
ISBN: 7-5019-3106-2
000 00789nam0 2200253 45
001 0201071568
005 20031219104103.0
010    @a7-5019-3106-2@dCNY50.00
100    @a20020107d2001 km y0chiy0120 ea
101 0  @achi@ceng
105    @ak z 000yy
200 1  @a贝雷:油脂化学与工艺学@h第三卷@ABei Lei:You Zhi Hua Xue Yu Gong Yi Xue@f(美)惠(Hui,Y.H.)主编@F(Mei)Hui(Hui,Y.H.)Zhu Bian@g徐生庚,裘爱泳译
205    @a5版
210    @a北京@c中国轻工业出版社@d2001.6
215    @a606页@d20cm
606 0  @a油脂制备@x化学加工
606 0  @a油脂化学
606 0  @a油脂制备@x生产工艺
690    @aTQ64@v4
701  0 @a惠@bHui,Y.H.@4主编
702  0 @a徐生庚@AXu Sheng Geng@4译
702  0 @a裘爱泳@AQiu Ai Yong@4译
801    @aCN@bTSTC@c20020107
905    @b318999-001@dTQ64@e11:3=5@f3
    
    贝雷:油脂化学与工艺学.第三卷/(美)惠(Hui,Y.H.)主编/徐生庚,裘爱泳译.-5版.-北京:中国轻工业出版社,2001.6
    606页;20cm
    
    
    ISBN 7-5019-3106-2:CNY50.00
    
●
相关链接 在E读中查询图书 在五车中查询图书 在当当中查询图书 在豆瓣中查询图书


正题名:贝雷:油脂化学与工艺学     索取号:TQ64/11:3=5         预约/预借

序号 登录号 条形码 馆藏地/架位号 状态 备注
1 0318999   203189995   第三借阅区/ [索取号:TQ64/11:3=5] 在馆    
2 0319000   203190000   第三借阅区/ [索取号:TQ64/11:3=5] 在馆    
3 0319001   203190019   第二样本阅览室/ [索取号:TQ64/11:3=5] 在馆    
唐山师范学院图书馆 欢迎您!
大连网信软件有限公司© 版权所有